000 00462nam a22001817a 4500
003 Ost
005 20220827142349.0
008 220827b |||||||| |||| 00| 0 eng d
020 _aNA
040 _cBT-PhCSt
050 _a4195
082 _222
_a621.310422
100 _aGuru, Bhag S. and Hiziroglu, Huseijin R.
245 _aElectric machinery and transformers /
260 _bOxford Universities Press,
_cc2001.
300 _a0
_bill. ;
942 _2ddc
_cEE
_01
999 _c1741
_d1741